Pokémon - Les attaques de Rhinolove - Statistiques

Statistiques générales
  • Ce quiz a été pris 20 fois
  • Le résultat moyen est 7 sur 13
Statistiques - réponses
Niveaux Types Noms des attaques % Correct
Départ Psy Choc Mental
90%
Niveau 40 Psy Psyko
90%
Niveau 35 Vol Lame d'Air
80%
Niveau 15 Vol Tranch'Air
80%
Niveau 30 Psy Amnésie
70%
Niveau 45 Psy Plénitude
70%
Départ Vol Tornade
70%
Niveau 25 Ténèbres Assurance
50%
Niveau 50 Psy Prescience
50%
Départ Normal Attraction
40%
Niveau 20 Psy Possessif
30%
Niveau 55 Normal Rayon Simple
10%
Départ Normal Effort
0%
Aucun quiz correspondant
Distribution des résultats
% des personnes avec chaque résultat
Percentile par nombre de réponses
Votre historique - résultats
Vous n’avez pas pris ce quiz